| 000 | 00776nam a2200253 a 4500 | ||
|---|---|---|---|
| 001 | 68033 | ||
| 003 | BD-RjUL | ||
| 005 | 20211209081726.0 | ||
| 008 | 170330s1962 ne a b 000 0 eng | ||
| 035 | _a(BD-RjUL)68242 | ||
| 040 |
_aDLC/ICU _cICU _dDLC _dBD-RjUL _beng |
||
| 041 | _aeng | ||
| 082 | 0 | 0 |
_223 _a539.7523 _bLIB 1962 |
| 100 | 1 |
_aLipkin, Harry J. _9201661 |
|
| 245 | 1 | 0 |
_aBeta decay for pedestrians / _cHarry J Lipkin. |
| 260 |
_aAmsterdam : _bNorth-Holland Pub. Co.; _aNew York : _bInterscience Publishers, _c1962. |
||
| 300 |
_aviii, 117 p. : _bill. ; _c22 cm. |
||
| 490 | _aSeries in physics | ||
| 504 | _aIncludes bibliography. | ||
| 650 | 0 |
_aRadioactivity. _9201662 |
|
| 650 | 0 |
_aBeta decay. _9201663 |
|
| 830 |
_aSeries in physics. _9201665 |
||
| 942 |
_2ddc _cBK |
||
| 999 |
_c68033 _d68033 |
||